Tản Đà trong lòng thời đại Hồi ức, bình luận, tư liệu
Nội dung sách gồm hai phần. *) Phần thứ nhất: Tản Đà trong hồi ức những người đương thời. *) Phần thứ hai: Những suy nghĩ và bình luận chung quanh con người và tác phẩm của Tản Đà
Đã lưu trong:
| 主要作者: | |
|---|---|
| 格式: | 图书 |
| 语言: | Undetermined |
| 出版: |
Hà Nội
Văn Học
1997
|
| 主题: | |
| 标签: |
添加标签
没有标签, 成为第一个标记此记录!
|
| Thư viện lưu trữ: | Trung tâm Học liệu Trường Đại học Cần Thơ |
|---|
| LEADER | 00986nam a2200217Ia 4500 | ||
|---|---|---|---|
| 001 | CTU_22416 | ||
| 008 | 210402s9999 xx 000 0 und d | ||
| 082 | |a 809 | ||
| 082 | |b X561t | ||
| 100 | |a Nguyễn, Khắc Xương | ||
| 245 | 0 | |a Tản Đà trong lòng thời đại | |
| 245 | 0 | |b Hồi ức, bình luận, tư liệu | |
| 245 | 0 | |c Nguyễn Khắc Xương | |
| 260 | |a Hà Nội | ||
| 260 | |b Văn Học | ||
| 260 | |c 1997 | ||
| 520 | |a Nội dung sách gồm hai phần. *) Phần thứ nhất: Tản Đà trong hồi ức những người đương thời. *) Phần thứ hai: Những suy nghĩ và bình luận chung quanh con người và tác phẩm của Tản Đà | ||
| 526 | |a Văn học Việt Nam hiện đại 1 (1900 - 1930) | ||
| 526 | |b SG214 | ||
| 650 | |a vietnamese literature - 20th century - history and criticism | ||
| 980 | |a Trung tâm Học liệu Trường Đại học Cần Thơ | ||